Civilizations that Won the Most Ancient Battles - Statistics

General Stats
  • This quiz has been taken 374 times
  • The average score is 8 of 13
Answer Stats
Hint Answer % Correct
201 Rome
98%
36 Athens
90%
16 Egypt
88%
29 Persia
87%
25 Sparta
75%
7 Babylon
69%
63 China
69%
33 Carthage
64%
31 Macedon
63%
6 Assyria
61%
8 Jewish Tribes
36%
5 Etruscan
13%
6 Samnites
4%
No matching quizzes found
Score Distribution
Percent of People with Each Score
Percentile by Number Answered
Your Score History
You have not taken this quiz